LIBRARY & INFORMATION CENTRE, KCAET, TAVANUR

ONLINE PUBLIC ACCESS CATALOGUE (OPAC)

Pre-degree practical physics / (Record no. 10695)

MARC details
000 -LEADER
fixed length control field 00477cam a2200193ua 4500
041 ## - LANGUAGE CODE
Language code of text/sound track or separate title eng
082 ## - DEWEY DECIMAL CLASSIFICATION NUMBER
Classification number 530
Item number SEE/PR
100 ## - MAIN ENTRY--AUTHOR NAME
Personal name Seetharaman, K S .
245 ## - TITLE STATEMENT
Title Pre-degree practical physics /
250 ## - EDITION STATEMENT
Edition statement 1 /
260 ## - PUBLICATION, DISTRIBUTION, ETC. (IMPRINT)
Place of publication Chennai :
Name of publisher The National Publishing Co ,
Year of publication 1964.
300 ## - PHYSICAL DESCRIPTION
Number of Pages 107 ; .
942 ## - ADDED ENTRY ELEMENTS (KOHA)
Koha item type Books
Holdings
Withdrawn status Lost status Damaged status Home library Current library Date acquired Full call number Accession Number Koha item type Public note
Withdrawn     KAUAET KAUAET 07/04/2012 530 7690 Books  
Withdrawn     KAUAET KAUAET 27/01/2023 530 SEE/PR 7640 Books  
Withdrawn   Damaged KAUAET Sanskrit University 07/04/2012 530 7688 Books Transferred to Sanskrit University
free website counter